Hodnotenie tvarovej presnosti výtvarkov z tenkých plechov, využitím technológie 3D bezkontaktného skenovania

Gespeichert in:
Bibliographische Detailangaben
1. Verfasser: Tomeček, Peter, 1986- (Verfasst von)
Weitere Verfasser: Šugárová, Jana, 1970- (Betreuung Doktorarbeit)
Format: Manuskript Buch
Sprache:Slowakisch
Veröffentlicht: STU v Bratislave MTF UVTE KT, 2010
Schlagworte:
Online-Zugang:VAIS
Tags: Tag hinzufügen
Keine Tags, Fügen Sie das erste Tag hinzu!

MARC

LEADER 00000ntm a22000003a 4500
001 stu206285
005 20160719160217.2
008 100702s2010------------------------slo-d
040 |a STU  |b slo 
041 0 |a slo 
100 1 |a Tomeček, Peter,  |d 1986-  |4 aut  |X 25087  |7 A000025087 
242 0 0 |a Evaluation of form accuracy of products made from metal plates, using 3D contactless scan  |y eng 
245 1 |a Hodnotenie tvarovej presnosti výtvarkov z tenkých plechov, využitím technológie 3D bezkontaktného skenovania 
260 |b STU v Bratislave MTF UVTE KT,  |c 2010 
650 7 |a plošné tvárnenie  |2 stusub 
650 7 |a 3D skener  |2 stusub 
700 1 |a Šugárová, Jana,  |d 1970-  |4 ths  |u M3000  |U MTF Materiálovotechnologická fakulta  |T MTF Ústav výrobných technológií  |X 54646  |U M3000  |Y 83  |7 A000054646 
856 4 |a info a plný text  |u http://is.stuba.sk/zp/portal_zp.pl?podrobnosti=63259  |3 VAIS 
996 |c M*DP-9030  |l MMSKP  |s P  |a 0  |w stu206285_0001